| 000 -LEADER |
| fixed length control field |
01255cam a22003254a 4500 |
| 003 - CONTROL NUMBER IDENTIFIER |
| control field |
OSt |
| 005 - DATE AND TIME OF LATEST TRANSACTION |
| control field |
20200310122858.0 |
| 008 - FIXED-LENGTH DATA ELEMENTS--GENERAL INFORMATION |
| fixed length control field |
060104s2006 nyu b 000 0 eng |
| 010 ## - LIBRARY OF CONGRESS CONTROL NUMBER |
| LC control number |
2006000035 |
| 020 ## - INTERNATIONAL STANDARD BOOK NUMBER |
| International Standard Book Number |
9781568985367 (pbk. : alk. paper) |
| 042 ## - AUTHENTICATION CODE |
| Authentication code |
pcc |
| 043 ## - GEOGRAPHIC AREA CODE |
| Geographic area code |
e-gx--- |
| 082 00 - DEWEY DECIMAL CLASSIFICATION NUMBER |
| Classification number |
725.4 |
| Edition number |
22 |
| Item number |
HAD |
| 100 1# - MAIN ENTRY--PERSONAL NAME |
| Personal name |
Hadid, Zaha. |
| 245 10 - TITLE STATEMENT |
| Title |
Zaha Hadid : |
| Remainder of title |
BMW Central Building / |
| Statement of responsibility, etc |
Todd Gannon, volume editor. |
| 246 30 - VARYING FORM OF TITLE |
| Title proper/short title |
BMW Central Building |
| 260 ## - PUBLICATION, DISTRIBUTION, ETC. (IMPRINT) |
| Place of publication, distribution, etc |
New York : |
| Name of publisher, distributor, etc |
Princeton Architectural Press, |
| Date of publication, distribution, etc |
c2006. |
| 300 ## - PHYSICAL DESCRIPTION |
| Extent |
160 p. : |
| Other physical details |
ill., (chiefly col.) ; |
| Dimensions |
23 cm. |
| 440 #0 - SERIES STATEMENT/ADDED ENTRY--TITLE |
| Title |
Source books in architecture ; |
| Volume number/sequential designation |
7 |
| 504 ## - BIBLIOGRAPHY, ETC. NOTE |
| Bibliography, etc |
Includes bibliographical references. |
| 600 10 - SUBJECT ADDED ENTRY--PERSONAL NAME |
| Personal name |
Hadid, Zaha. |
| 610 20 - SUBJECT ADDED ENTRY--CORPORATE NAME |
| Corporate name or jurisdiction name as entry element |
Bayerische Motoren Werke. |
| 650 #0 - SUBJECT ADDED ENTRY--TOPICAL TERM |
| Topical term or geographic name as entry element |
Architecture, Industrial |
| Geographic subdivision |
Germany |
| -- |
Leipzig. |
| 651 #0 - SUBJECT ADDED ENTRY--GEOGRAPHIC NAME |
| Geographic name |
Leipzig (Germany) |
| General subdivision |
Buildings, structures, etc. |
| 700 1# - ADDED ENTRY--PERSONAL NAME |
| Personal name |
Gannon, Todd. |
| 856 41 - ELECTRONIC LOCATION AND ACCESS |
| Materials specified |
Table of contents only |
| Uniform Resource Identifier |
<a href="http://www.loc.gov/catdir/toc/ecip066/2006000035.html">http://www.loc.gov/catdir/toc/ecip066/2006000035.html</a> |
| 906 ## - LOCAL DATA ELEMENT F, LDF (RLIN) |
| a |
7 |
| b |
cbc |
| c |
orignew |
| d |
1 |
| e |
ecip |
| f |
20 |
| g |
y-gencatlg |
| 942 ## - ADDED ENTRY ELEMENTS (KOHA) |
| Source of classification or shelving scheme |
|
| 955 ## - COPY-LEVEL INFORMATION (RLIN) |
| Classification number, CCAL (RLIN) |
jh52 2006-01-04 |
| Copy information and material description, CCAL + MDES (RLIN) |
jh52 2006-01-04 |
| Classification number, CCAL (RLIN) |
aa17 2006-01-11 |
| -- |
jh12 2006-01-13 subtitle change per publ. |
| -- |
ps02 2006-11-14 bk rec'd, to CIP ver. |
| -- |
ja15 2007-02-01 Copy 2 to BCCD |